U Löfflera v nedeľu podvečer

Podrobná bibliografia
Hlavný autor: bea (Author)
Médium: Článok
Jazyk:Slovak
Vydané: 1994
Témy:
Zdroj: 1. Košický večer 1. Roč. 5, č. 90(1994), dát. 0511, s. 3
LEADER 00775nab#a2200325#ar4500
001 000002721
003 SVKKK
005 20030717123734.0
008 030717c1994 e sloo
FMT
038 |a SVKKK 
040 |a SVKKK  |b slo  |e AACR2 
041 0 |a slo 
080 |a 06  |2 1981 
080 |a 73/7  |2 1981 
100 0 |a bea  |4 aut 
245 1 0 |a U Löfflera v nedeľu podvečer  |c bea , 
260 |c 1994 
650 0 4 |a Múzeum Vojtecha Löfflera, Košice 
650 0 4 |a aktivity umelecké 
650 0 4 |a expozícia stála 
650 0 4 |a programy atraktívne 
650 0 4 |a rozhovory 
773 0 |t Košický večer  |g Roč. 5, č. 90(1994), dát. 0511, s. 3 
957 |a Košice 
974 |a Cr 
992 |a RBX 
BAS
852 |a SVKKK  |b BIB 
998 |a REG